000 00445nam a2200157Ia 4500
999 _c18855
_d18855
003 OSt
005 20200713124625.0
008 190216s9999||||xx |||||||||||||| ||und||
040 _coclc
082 _a300
_bKUN/S
100 _a Kunju, A P Ibrahim
_92208
245 0 _aSocial Studies /
_cA P Ibrahim Kunju
260 _bTouring Book Stall,
_c1967.
_aCalicut:
300 _a200p
942 _cBK
_2ddc
_h300
_iKUN/S
_k300
_mKUN/S